[Event "TCh-FRA Top 12 2019"]
[Site "Brest FRA"]
[Date "2019.05.21"]
[Round "4.2"]
[Board "7"]
[White "Van Hoolandt, Patrick"]
[Black "Riff, Vincent"]
[Result "1/2-1/2"]
[WhiteTitle "FM"]
[BlackTitle "FM"]
[WhiteElo "2127"]
[BlackElo "2399"]
[WhiteTeam "C.E.M.C. Monaco"]
[BlackTeam "Grasse Echecs"]
[WhiteFideId "200999"]
[BlackFideId "617776"]
[EventDate "2019.05.18"]

1. d4 Nf6 2. c4 e6 3. Nf3 Bb4+ 4. Bd2 c5 5. Bxb4 cxb4 6. Nbd2 d6 7. g3 O-O 8.
Bg2 Re8 9. Nf1 a5 10. a3 Qb6 11. Ne3 Na6 12. O-O Bd7 13. b3 bxa3 14. Rxa3 Nb4
15. c5 dxc5 16. Nc4 Qc7 17. dxc5 Qxc5 18. Qd6 Qxd6 19. Nxd6 Reb8 20. Ne5 Bc6 21.
Rc1 Nfd5 22. Nexf7 Ra6 23. Ne5 Rd8 24. Ne4 Bb5 25. Nc5 Rc8 26. Raa1 Raa8 27. Bh3
Re8 28. e4 Nf6 29. f3 Nc6 30. Nxc6 Bxc6 31. Bxe6+ Kh8 32. Bh3 g5 33. Bf5 g4 34.
Ne6 Rxe6 35. Bxe6 gxf3 1/2-1/2

[Event "TCh-FRA Top 12 2019"]
[Site "Brest FRA"]
[Date "2019.05.21"]
[Round "4.2"]
[Board "8"]
[White "Milliet, Sophie"]
[Black "Nelis, Jean-Francois"]
[Result "1/2-1/2"]
[WhiteTitle "IM"]
[WhiteElo "2400"]
[BlackElo "2149"]
[WhiteTeam "Grasse Echecs"]
[BlackTeam "C.E.M.C. Monaco"]
[WhiteFideId "623725"]
[BlackFideId "623830"]
[EventDate "2019.05.18"]

1. e4 e6 2. d4 d5 3. Nc3 Bb4 4. e5 Ne7 5. a3 Bxc3+ 6. bxc3 b6 7. Qg4 Ng6 8. h4
h5 9. Qd1 Ba6 10. Bxa6 Nxa6 11. Bg5 Ne7 12. Nh3 Nb8 13. Nf4 g6 14. O-O Nbc6 15.
Bf6 Rg8 16. Qf3 Qd7 17. a4 Na5 18. Bxe7 Qxe7 19. c4 c6 20. cxd5 cxd5 21. c4 Nxc4
22. Rfc1 Rd8 23. Qg3 Rh8 24. Rc3 Rc8 25. Nh3 Kd7 26. Qf4 Rc7 27. Ng5 Kc8 28.
Rac1 Kb8 29. Ne4 dxe4 30. Rxc4 Rhc8 31. Rxc7 Rxc7 32. Rxc7 Kxc7 33. Qxe4 Qd7 34.
Qf3 Kb8 35. Qa3 Kb7 36. Qb4 Ka6 37. Kh2 Kb7 38. f3 a5 39. Qf8 Kc6 40. Qa8+ Qb7
41. Qd8 Qd7 42. Qa8+ Qb7 43. Qd8 Qc7 44. Qa8+ Qb7 45. Qd8 Qd7 1/2-1/2

[Event "TCh-FRA Top 12 2019"]
[Site "Brest FRA"]
[Date "2019.05.21"]
[Round "4.3"]
[Board "1"]
[White "Stevic, Hrvoje"]
[Black "Velten, Paul"]
[Result "1/2-1/2"]
[WhiteTitle "GM"]
[BlackTitle "GM"]
[WhiteElo "2580"]
[BlackElo "2507"]
[WhiteTeam "Nice Alekhine"]
[BlackTeam "T H F Saint-Quentin"]
[WhiteFideId "14502569"]
[BlackFideId "681091"]
[EventDate "2019.05.18"]

1. e4 c6 2. d4 d5 3. Nc3 dxe4 4. Nxe4 Nf6 5. Nxf6+ exf6 6. c3 Bd6 7. Bd3 O-O 8.
Ne2 Re8 9. Qc2 h5 10. O-O Nd7 11. Ng3 Bxg3 12. hxg3 Nf8 13. Be3 Be6 14. a4 Qd7
15. Rfe1 Ng6 16. Bxg6 fxg6 17. Qxg6 Qf7 18. Qxf7+ Kxf7 19. a5 a6 20. Ra4 Rad8
21. f3 Bc8 22. Kf2 g5 23. c4 Kg6 24. Rd1 Re7 25. d5 cxd5 26. cxd5 Re5 27. d6 Bd7
28. Ra3 Bb5 29. Rd2 Re6 30. Bc5 Rc8 31. b4 Bd7 32. Rc3 Kf7 33. Rc4 Ree8 34. Rc1
Re6 35. Rh1 Kg6 36. Ra1 Kf7 37. Ra3 Rce8 38. Rc3 Rc8 39. Rcc2 Ree8 40. Rb2 Re6
41. Ra2 Rce8 42. Ra3 Rc8 43. Rc3 Ree8 44. Rd5 Be6 45. Rdd3 Bd7 46. Bb6 Rxc3 47.
Rxc3 Rc8 48. Bc7 Re8 49. Bb6 Rc8 50. Bc5 Re8 51. Rc1 Bc6 52. Bb6 Ke6 53. Bc5 Kf7
54. Bb6 Ke6 55. Bc7 Kd7 56. Rh1 Rh8 57. Ke3 Re8+ 58. Kd4 Rh8 59. Kc5 h4 60. gxh4
gxh4 61. Kd4 h3 62. Rxh3 Rxh3 63. gxh3 Bxf3 64. h4 Bd1 65. Ke4 Ke6 66. Kd4 Kd7
67. Kd5 Be2 68. Bb6 Bf3+ 69. Kc5 f5 70. Bc7 f4 71. Kd4 Bh5 72. Ke5 f3 73. Bb6
Be8 74. Bf2 Bh5 75. Ba7 Be8 76. Bg1 Bf7 77. Bf2 Bh5 78. Kd5 Bf7+ 79. Kc5 Bg6 80.
Bg3 Bf7 81. Be1 Bg6 82. Bf2 Bf7 83. Bd4 Bg6 84. Bg1 Bf7 85. Bf2 Bg6 86. Kd5 Bf7+
87. Ke5 1/2-1/2

[Event "TCh-FRA Top 12 2019"]
[Site "Brest FRA"]
[Date "2019.05.21"]
[Round "4.3"]
[Board "4"]
[White "Brochet, Philippe"]
[Black "Eljanov, Pavel"]
[Result "0-1"]
[WhiteTitle "IM"]
[BlackTitle "GM"]
[WhiteElo "2400"]
[BlackElo "2661"]
[WhiteTeam "T H F Saint-Quentin"]
[BlackTeam "Nice Alekhine"]
[WhiteFideId "602469"]
[BlackFideId "14102951"]
[EventDate "2019.05.18"]

1. e4 c5 2. Nc3 d6 3. Bb5+ Nc6 4. Bxc6+ bxc6 5. d3 g6 6. f4 Bg7 7. Nf3 c4 8.
dxc4 Qb6 9. Qd3 Nh6 10. h3 O-O 11. g4 Kh8 12. f5 Ng8 13. b3 gxf5 14. gxf5 d5 15.
e5 dxc4 16. Qe4 Nh6 17. Nd4 Rd8 18. Be3 Qa5 19. Bd2 Rxd4 20. Qxd4 Nxf5 21. Qe4
Ng3 22. Qxc6 Qxe5+ 23. Kd1 Bb7 24. Qxb7 Rd8 25. Qf3 Rxd2+ 26. Kxd2 Bh6+ 27. Kd1
Qd4+ 28. Ke1 Qd2# 0-1

[Event "TCh-FRA Top 12 2019"]
[Site "Brest FRA"]
[Date "2019.05.21"]
[Round "4.3"]
[Board "5"]
[White "Barseghyan, Harutyun"]
[Black "Marcelin, Cyril"]
[Result "1-0"]
[WhiteTitle "IM"]
[BlackTitle "GM"]
[WhiteElo "2470"]
[BlackElo "2451"]
[WhiteTeam "Nice Alekhine"]
[BlackTeam "T H F Saint-Quentin"]
[WhiteFideId "13304585"]
[BlackFideId "607274"]
[EventDate "2019.05.18"]

1. d4 d5 2. c4 e6 3. Nf3 a6 4. Nc3 dxc4 5. e3 b5 6. a4 b4 7. Nb1 Bb7 8. Bxc4 Nf6
9. a5 Nbd7 10. Nbd2 Bd6 11. O-O O-O 12. Nb3 Ng4 13. h3 Bxf3 14. Qxf3 Nh2 15. Qc6
Nxf1 16. Bxf1 Ra7 17. e4 Nb8 18. Qc4 c6 19. Bd2 Rb7 20. Nc5 Bxc5 21. Qxc5 b3 22.
Bc3 Qd7 23. Bc4 Rd8 24. Qg5 f6 25. Qg4 Re8 26. e5 fxe5 27. Re1 Rb5 28. dxe5 Kh8
29. Bxb5 cxb5 30. Rd1 Qc8 31. Qb4 Nc6 32. Qxb3 b4 33. Be1 Qb7 34. Rd6 Nxe5 35.
Qxb4 Qxb4 36. Bxb4 Nc4 37. Rxa6 Nxb2 38. Bc3 Nd3 39. Rd6 Nc5 40. Rc6 Ne4 41. Be5
Kg8 42. a6 Ra8 43. f3 Ng5 44. f4 1-0

[Event "TCh-FRA Top 12 2019"]
[Site "Brest FRA"]
[Date "2019.05.21"]
[Round "4.3"]
[Board "6"]
[White "Godart, Francois"]
[Black "Rambaldi, Francesco"]
[Result "1/2-1/2"]
[WhiteTitle "IM"]
[BlackTitle "GM"]
[WhiteElo "2419"]
[BlackElo "2558"]
[WhiteTeam "T H F Saint-Quentin"]
[BlackTeam "Nice Alekhine"]
[WhiteFideId "208078"]
[BlackFideId "20657307"]
[EventDate "2019.05.18"]

1. d4 Nf6 2. c4 g6 3. g3 c5 4. dxc5 Qa5+ 5. Nc3 Bg7 6. Bg2 Qxc5 7. Qa4 Ng4 8.
Nh3 Nc6 9. O-O Bxc3 10. bxc3 Nge5 11. Bd5 d6 12. Nf4 Bd7 13. Ba3 Na5 14. Bxc5
Bxa4 15. Bd4 O-O 16. Bxe5 dxe5 17. Nd3 e6 18. Bg2 Bc6 19. Nxe5 Bxg2 20. Kxg2
Rac8 21. c5 Rfd8 22. Rfd1 Rxd1 23. Rxd1 Rxc5 24. f4 Rc7 25. Rd7 Rxd7 26. Nxd7 f5
27. Kf3 Kf7 28. Ne5+ Ke7 29. Ke3 Kd6 1/2-1/2

[Event "TCh-FRA Top 12 2019"]
[Site "Brest FRA"]
[Date "2019.05.21"]
[Round "4.3"]
[Board "7"]
[White "Demuth, Adrien"]
[Black "Chabanon, Jean-Luc"]
[Result "1/2-1/2"]
[WhiteTitle "GM"]
[BlackTitle "GM"]
[WhiteElo "2517"]
[BlackElo "2437"]
[WhiteTeam "Nice Alekhine"]
[BlackTeam "T H F Saint-Quentin"]
[WhiteFideId "642274"]
[BlackFideId "600075"]
[EventDate "2019.05.18"]

1. Nf3 b6 2. g3 Bb7 3. Bg2 c5 4. c4 g6 5. d4 cxd4 6. Qxd4 Nf6 7. b3 Bg7 8. Bb2
O-O 9. O-O Nc6 10. Qc3 Rc8 11. Rd1 Qc7 12. Qe1 Rfd8 13. e4 d6 14. Qe2 e6 15. Nc3
a6 16. Rac1 Qb8 17. Ba3 Bf8 18. h3 Ba8 19. Bb2 Bg7 20. Ba3 Bf8 21. Bb2 Bg7 22.
Kh2 Nd7 23. Ne1 b5 24. cxb5 axb5 25. Nd3 b4 26. Na4 Qb5 27. Bxg7 Kxg7 28. Nf4
Qxe2 29. Nxe2 Nc5 30. Nb6 Rb8 31. Nxa8 Rxa8 32. e5 Nxe5 33. Bxa8 Rxa8 34. Rc2
Ned3 35. Kg2 e5 36. Nc1 Nxc1 37. Rdxc1 Kf6 38. Rxc5 dxc5 39. Rxc5 Rxa2 40. Rc4 1/2-1/2

[Event "TCh-FRA Top 12 2019"]
[Site "Brest FRA"]
[Date "2019.05.21"]
[Round "4.3"]
[Board "8"]
[White "Bolon, Karelle"]
[Black "De Seroux, Camille"]
[Result "1/2-1/2"]
[WhiteTitle "WFM"]
[BlackTitle "WFM"]
[WhiteElo "2018"]
[BlackElo "2143"]
[WhiteTeam "T H F Saint-Quentin"]
[BlackTeam "Nice Alekhine"]
[WhiteFideId "634514"]
[BlackFideId "1305620"]
[EventDate "2019.05.18"]

1. f4 c5 2. Nf3 Nc6 3. e3 Nf6 4. Be2 b6 5. b3 Bb7 6. Bb2 e6 7. O-O Be7 8. Ne5 d6
9. Nxc6 Bxc6 10. Bf3 d5 11. d3 O-O 12. Nd2 Qc7 13. Qe1 Nd7 14. e4 d4 15. e5 b5
16. Ne4 Nb6 17. Qg3 Nd5 18. Rae1 Qd8 19. Qg4 Rc8 20. Bc1 Nb4 21. Re2 Nxa2 22.
Bd2 Nb4 23. Bxb4 cxb4 24. Ng3 g6 25. Bxc6 Rxc6 26. f5 exf5 27. Nxf5 Bc5 28. Rf3
Qc8 29. Nh6+ Kg7 30. Qf4 Qe6 31. Ng4 g5 32. Qxg5+ Qg6 33. Qh4 Ra6 34. Nf6 Kh8
35. Re1 Be7 36. Qxd4 Rc6 37. Qf2 Bxf6 38. Rxf6 Rxf6 39. exf6 h6 40. Re3 Qg5 41.
h4 Qh5 42. Qf4 Rg8 43. Re5 Qg6 44. Qf3 a6 45. h5 Qg4 46. Qf2 Qd1+ 47. Kh2 Rg5
48. Rxg5 hxg5 49. Qf3 Qxc2 50. Qa8+ Kh7 51. Qf8 Qc7+ 52. g3 Qc2+ 53. Kh3 g4+ 54.
Kxg4 Qe2+ 55. Kf4 Qf2+ 56. Kg5 Qxg3+ 57. Kf5 Qxd3+ 58. Ke5 Qg3+ 59. Kf5 Qf3+ 60.
Kg5 Qe3+ 61. Kf5 Qe6+ 62. Kg5 Qe5+ 63. Kg4 Qxf6 64. Qxb4 Qe6+ 65. Kg5 Qh6+ 66.
Kh4 Qe3 67. Qg4 Qe7+ 68. Kh3 Qe6 69. Qxe6 fxe6 70. b4 a5 1/2-1/2

[Event "TCh-FRA Top 12 2019"]
[Site "Brest FRA"]
[Date "2019.05.21"]
[Round "4.4"]
[Board "1"]
[White "Ragger, Markus"]
[Black "Donchenko, Alexander"]
[Result "1/2-1/2"]
[WhiteTitle "GM"]
[BlackTitle "GM"]
[WhiteElo "2682"]
[BlackElo "2595"]
[WhiteTeam "Bischwiller"]
[BlackTeam "Vandoeuvre-Echecs"]
[WhiteFideId "1610856"]
[BlackFideId "24603295"]
[EventDate "2019.05.18"]

1. e4 c6 2. Nf3 d5 3. Nc3 dxe4 4. Nxe4 Nf6 5. Qe2 Nxe4 6. Qxe4 Nd7 7. Bc4 Nf6 8.
Ne5 e6 9. Qe2 b5 10. Bd3 Qc7 11. a4 Bd6 12. Nxc6 b4 13. Nd4 a6 14. Nf5 Be5 15.
Nxg7+ Kf8 16. Nh5 Nxh5 17. Qxh5 Bb7 18. Be2 Bxg2 19. Rg1 Rg8 20. d4 Bxh2 21.
Qh6+ Ke8 22. Qxh7 Ke7 23. Bh5 Raf8 24. Bxf7 Rh8 25. Bg5+ Kd6 26. Qxh2+ Rxh2 27.
Bf4+ Kc6 28. Bxc7 Kxc7 29. Bg6 Bd5 30. b3 Rfxf2 31. O-O-O a5 32. Rdf1 Rxf1+ 33.
Rxf1 Rh1 34. Rxh1 Bxh1 35. Kd2 Kd6 36. Kd3 Bb7 37. Bf7 Bg2 38. Bg6 Bb7 39. Bh7
Bg2 40. Kc4 Kc6 41. Kd3 Kd6 42. Bg8 Bb7 43. Bf7 Bg2 1/2-1/2

[Event "TCh-FRA Top 12 2019"]
[Site "Brest FRA"]
[Date "2019.05.21"]
[Round "4.4"]
[Board "2"]
[White "Solodovnichenko, Yuri"]
[Black "Fressinet, Laurent"]
[Result "1/2-1/2"]
[WhiteTitle "GM"]
[BlackTitle "GM"]
[WhiteElo "2572"]
[BlackElo "2640"]
[WhiteTeam "Vandoeuvre-Echecs"]
[BlackTeam "Bischwiller"]
[WhiteFideId "14104369"]
[BlackFideId "608742"]
[EventDate "2019.05.18"]

1. e4 e5 2. Nf3 Nc6 3. d4 exd4 4. Nxd4 Bc5 5. Nb3 Bb6 6. Qe2 a5 7. Nc3 a4 8. Nd2
a3 9. Nc4 Bd4 10. Nb5 axb2 11. Nxb2 Nge7 12. Nxd4 Nxd4 13. Qd1 Ne6 14. Bd3 O-O
15. O-O Nc5 16. e5 Nc6 17. Re1 Nxd3 18. Nxd3 d6 1/2-1/2

[Event "TCh-FRA Top 12 2019"]
[Site "Brest FRA"]
[Date "2019.05.21"]
[Round "4.4"]
[Board "3"]
[White "Naiditsch, Arkadij"]
[Black "Hamitevici, Vladimir"]
[Result "1-0"]
[WhiteTitle "GM"]
[BlackTitle "GM"]
[WhiteElo "2682"]
[BlackElo "2476"]
[WhiteTeam "Bischwiller"]
[BlackTeam "Vandoeuvre-Echecs"]
[WhiteFideId "4650891"]
[BlackFideId "13902393"]
[EventDate "2019.05.18"]

1. e4 e5 2. Nf3 Nc6 3. Bb5 a6 4. Ba4 Nf6 5. d3 b5 6. Bb3 Be7 7. a4 Bb7 8. O-O
O-O 9. Re1 d6 10. Nbd2 Qd7 11. Nf1 Nd8 12. axb5 axb5 13. Rxa8 Bxa8 14. Ng3 Ne6
15. c3 c5 16. d4 exd4 17. cxd4 c4 18. Bc2 g6 19. d5 Nc5 20. Nd4 Re8 21. b4 cxb3
22. Nxb3 Bf8 23. Bb2 Bg7 24. Qa1 Nxb3 25. Bxb3 Qd8 26. Bc2 h5 27. Nf1 h4 28. Ne3
Kh7 29. Bd3 b4 30. h3 Bb7 31. Rb1 Qe7 32. Bd4 Nxe4 33. Bxe4 Bxd4 34. Bxg6+ fxg6
35. Qxd4 Qe4 36. Qxb4 Bxd5 37. Nxd5 Qxd5 38. Qxh4+ Kg8 39. Qh6 Qf7 40. Rd1 Re6
41. Qg5 Qf6 42. Qd5 Kg7 43. g3 Qe5 44. Qd3 Qc5 45. h4 Rf6 46. Rd2 Qc1+ 47. Kh2
Qc5 48. Kg2 Qc6+ 49. Qd5 Qb6 50. Qe4 Qc5 51. f4 Kh6 52. Qe8 1-0

[Event "TCh-FRA Top 12 2019"]
[Site "Brest FRA"]
[Date "2019.05.21"]
[Round "4.4"]
[Board "4"]
[White "Bailet, Pierre"]
[Black "Rodshtein, Maxim"]
[Result "1/2-1/2"]
[WhiteTitle "IM"]
[BlackTitle "GM"]
[WhiteElo "2466"]
[BlackElo "2699"]
[WhiteTeam "Vandoeuvre-Echecs"]
[BlackTeam "Bischwiller"]
[WhiteFideId "655830"]
[BlackFideId "2806851"]
[EventDate "2019.05.18"]

1. e4 c5 2. Nf3 d6 3. d4 cxd4 4. Nxd4 Nf6 5. Nc3 a6 6. h3 e6 7. g4 Nfd7 8. Be3
Be7 9. Qd2 O-O 10. g5 b5 11. h4 Bb7 12. a3 Nc6 13. Rg1 Nde5 14. Be2 Rc8 15. f4
Nxd4 16. Bxd4 Nc4 17. Bxc4 Rxc4 18. O-O-O Qc7 19. Bf6 Rd8 20. Bxe7 Qxe7 21. f5
exf5 22. exf5 Qe5 23. Rge1 Be4 24. Qf2 d5 25. Nxe4 Rxe4 26. Rxe4 Qxe4 27. Re1
Qc4 28. Qe3 Rf8 29. Rd1 Qxh4 30. Rxd5 h6 31. gxh6 Qxh6 32. Qxh6 gxh6 33. a4 Rb8
34. Rd6 Kg7 35. Rxa6 bxa4 36. Rxa4 Kf6 37. Ra6+ Kg5 38. Ra7 Kf6 39. Ra6+ Kg5 40.
Ra7 f6 41. Rh7 h5 42. c3 Rb5 1/2-1/2

[Event "TCh-FRA Top 12 2019"]
[Site "Brest FRA"]
[Date "2019.05.21"]
[Round "4.4"]
[Board "5"]
[White "Edouard, Romain"]
[Black "Nezar, Mustapha"]
[Result "1-0"]
[WhiteTitle "GM"]
[BlackTitle "IM"]
[WhiteElo "2642"]
[BlackElo "2339"]
[WhiteTeam "Bischwiller"]
[BlackTeam "Vandoeuvre-Echecs"]
[WhiteFideId "633429"]
[BlackFideId "608637"]
[EventDate "2019.05.18"]

1. c4 c5 2. Nf3 Nf6 3. b3 g6 4. Bb2 Bg7 5. g3 b6 6. Bg2 Bb7 7. O-O O-O 8. d4
cxd4 9. Qxd4 d6 10. Nc3 Ne4 11. Qe3 Nxc3 12. Bxc3 Bxc3 13. Qxc3 Nd7 14. Rfd1 Nf6
15. a4 a5 16. Nd4 Qd7 17. Nb5 Bxg2 18. Kxg2 Qc6+ 19. f3 Rfd8 20. e4 Rd7 21. Rd4
Rad8 22. Rad1 Qc5 23. Qd2 Kg7 24. Nc3 Qb4 25. Qb2 Kg8 26. Rd5 Nxd5 27. Rxd5 e6
28. Rb5 Qc5 29. Rxc5 dxc5 30. Qc1 Rd3 31. e5 R8d4 32. Ne4 Rxb3 33. Nf6+ Kg7 34.
Ne8+ Kf8 35. Nd6 Rbd3 36. Qh6+ Ke7 37. Qg5+ Kd7 38. Qf6 Rd2+ 39. Kh3 Rxd6 40.
Qxf7+ Kc6 41. exd6 Rxd6 42. Qxh7 1-0

[Event "TCh-FRA Top 12 2019"]
[Site "Brest FRA"]
[Date "2019.05.21"]
[Round "4.4"]
[Board "6"]
[White "Adrian, Claude"]
[Black "Maze, Sebastien"]
[Result "1/2-1/2"]
[WhiteTitle "IM"]
[BlackTitle "GM"]
[WhiteElo "2238"]
[BlackElo "2579"]
[WhiteTeam "Vandoeuvre-Echecs"]
[BlackTeam "Bischwiller"]
[WhiteFideId "601071"]
[BlackFideId "613762"]
[EventDate "2019.05.18"]

1. Nf3 Nf6 2. c4 g6 3. g3 Bg7 4. Bg2 O-O 5. d4 c5 6. Nc3 cxd4 7. Nxd4 Nc6 8. Nc2
b6 9. O-O Bb7 10. b3 d6 11. e4 Nd7 12. Bb2 a6 13. Rb1 Qb8 14. Qe2 b5 15. Rfd1
Rc8 16. Nd5 bxc4 17. bxc4 e6 18. Bxg7 Kxg7 19. Nb6 Nxb6 20. Rxb6 Qc7 21. Rdb1
Rab8 22. Ne3 Ba8 23. Qb2+ f6 24. Bh3 Re8 25. Ng4 Qe7 26. Qd2 g5 27. R1b3 Rxb6
28. Rxb6 Rb8 29. Rxb8 Nxb8 30. Bg2 Nc6 31. Qb2 h5 32. Ne3 Qb7 33. Qxb7+ Bxb7 34.
Kf1 Nb4 35. a3 Nd3 36. Ke2 Nc5 37. f3 Kg6 38. Nd1 f5 39. exf5+ exf5 40. Ne3 f4
41. gxf4 gxf4 42. Nc2 Kf6 43. Nb4 Ke5 44. Nd3+ Kd4 45. Nxf4 h4 46. Ng6 Kxc4 47.
Nxh4 d5 48. f4 Bc8 49. f5 d4 50. f6 Be6 51. Nf3 Kc3 52. Ne5 d3+ 53. Ke3 d2 54.
Bf3 Bb3 55. f7 Ne6 56. Nd7 d1=Q 57. Bxd1 Bxd1 58. f8=Q Nxf8 59. Nxf8 Kb3 60. Kd2 1/2-1/2

[Event "TCh-FRA Top 12 2019"]
[Site "Brest FRA"]
[Date "2019.05.21"]
[Round "4.4"]
[Board "7"]
[White "Le Roux, Jean-Pierre"]
[Black "Spielmann, Alain"]
[Result "1-0"]
[WhiteTitle "GM"]
[BlackTitle "FM"]
[WhiteElo "2539"]
[BlackElo "2216"]
[WhiteTeam "Bischwiller"]
[BlackTeam "Vandoeuvre-Echecs"]
[WhiteFideId "609404"]
[BlackFideId "602272"]
[EventDate "2019.05.18"]

1. Nf3 g6 2. d4 Bg7 3. g3 c5 4. d5 d6 5. a4 Nf6 6. Bg2 O-O 7. O-O e6 8. dxe6
fxe6 9. Nc3 Nc6 10. e4 d5 11. Bg5 dxe4 12. Nd2 h6 13. Be3 Qe7 14. Ndxe4 Nxe4 15.
Nxe4 b6 16. Nxc5 bxc5 17. Bxc6 Ba6 18. Bb5 Rad8 19. Qg4 Bb7 20. Bc4 Rf6 21. Rae1
Kh7 22. Bd3 Rxd3 23. cxd3 Qd6 24. Rc1 Rf5 25. Qd1 Qd5 26. f3 Qd6 27. Rf2 Rd5 28.
Qc2 Rxd3 29. Qxc5 Qd7 30. Kg2 Qf7 31. Qc7 Rd7 32. Qf4 Qe7 33. Qh4 Qf7 34. Qc4
Bxb2 35. Re1 Rc7 36. Qf4 Qg7 37. Qxh6+ Qxh6 38. Bxh6 1-0

[Event "TCh-FRA Top 12 2019"]
[Site "Brest FRA"]
[Date "2019.05.21"]
[Round "4.4"]
[Board "8"]
[White "Thomas, Anysia"]
[Black "Sebag, Marie"]
[Result "1/2-1/2"]
[WhiteTitle "WFM"]
[BlackTitle "GM"]
[WhiteElo "2178"]
[BlackElo "2476"]
[WhiteTeam "Vandoeuvre-Echecs"]
[BlackTeam "Bischwiller"]
[WhiteFideId "670472"]
[BlackFideId "617822"]
[EventDate "2019.05.18"]

1. d4 d5 2. c4 c6 3. cxd5 cxd5 4. Bg5 h6 5. Bh4 Qb6 6. Nc3 e6 7. Qd2 Ne7 8. Na4
Qc6 9. Nc3 Bd7 10. Rc1 Nf5 11. Bg3 Qb6 12. Nf3 Nc6 13. e3 Nxg3 14. hxg3 f5 15.
Nh4 Bd6 16. Ng6 Rg8 17. Be2 O-O-O 18. Nb5 Bf8 19. Nxf8 Rgxf8 20. O-O Kb8 21. a4
a6 22. Na3 Na5 23. Bd1 Rc8 24. Rxc8+ Rxc8 25. b4 Nc4 26. Nxc4 Rxc4 27. b5 axb5
28. axb5 Qxb5 29. Be2 Qb4 30. Qa2 Rc8 31. Rb1 Qc3 32. Kh2 Bc6 33. Rb2 g5 34. Rc2
Qe1 35. Qa3 Qxf2 36. Qd6+ Rc7 37. Qd8+ Rc8 38. Qd6+ Rc7 39. Qd8+ Rc8 40. Qd6+ 1/2-1/2

[Event "TCh-FRA Top 12 2019"]
[Site "Brest FRA"]
[Date "2019.05.21"]
[Round "4.5"]
[Board "3"]
[White "Moussard, Jules"]
[Black "Van Wely, Loek"]
[Result "1/2-1/2"]
[WhiteTitle "GM"]
[BlackTitle "GM"]
[WhiteElo "2583"]
[BlackElo "2600"]
[WhiteTeam "Asnieres - Le Grand Echiquier"]
[BlackTeam "Clichy-Echecs-92"]
[WhiteFideId "642908"]
[BlackFideId "1000268"]
[EventDate "2019.05.18"]

1. e4 c5 2. Nf3 d6 3. Bb5+ Bd7 4. Bxd7+ Qxd7 5. c4 Nf6 6. d3 g6 7. O-O Nc6 8.
Nc3 Bg7 9. h3 O-O 10. Be3 a6 11. Rc1 b5 12. b3 e6 13. Qe2 bxc4 14. dxc4 Qc7 15.
Rfd1 Rfd8 16. Qd2 Qa5 17. Bg5 Rd7 18. Re1 Raa7 19. Bh6 Nd4 20. Nxd4 Bxh6 21.
Qxh6 cxd4 22. Na4 e5 23. c5 dxc5 24. Qg5 d3 25. Red1 Nxe4 26. Qxe5 d2 27. Rc2
Re7 28. Qb8+ Kg7 29. f3 Nf6 30. Rcxd2 c4 31. Qf4 cxb3 32. axb3 Rab7 33. Rd6 Qe5
34. Qxe5 Rxe5 35. R1d3 Nh5 36. R6d4 Reb5 37. g4 Nf6 38. Rd6 a5 39. Kf2 Rxb3 40.
Rxb3 Rxb3 41. Ra6 Nd5 42. Rxa5 Nf4 43. Nc5 Rb2+ 44. Ke3 Nxh3 45. Ra7 Rb8 46. f4
Re8+ 47. Kf3 Ng1+ 48. Kf2 Ne2 49. Nd3 Nc3 50. Ne5 Ne4+ 51. Kf3 Nd6 52. Rd7 Re6
53. g5 Kf8 54. Kg4 Kg7 1/2-1/2

[Event "TCh-FRA Top 12 2019"]
[Site "Brest FRA"]
[Date "2019.05.21"]
[Round "4.5"]
[Board "4"]
[White "Libiszewski, Fabien"]
[Black "Degraeve, Jean-Marc"]
[Result "1/2-1/2"]
[WhiteTitle "GM"]
[BlackTitle "GM"]
[WhiteElo "2511"]
[BlackElo "2546"]
[WhiteTeam "Clichy-Echecs-92"]
[BlackTeam "Asnieres - Le Grand Echiquier"]
[WhiteFideId "616834"]
[BlackFideId "600270"]
[EventDate "2019.05.18"]

1. e4 d5 2. exd5 Qxd5 3. Nc3 Qd8 4. d4 Nf6 5. Nf3 Bg4 6. h3 Bxf3 7. Qxf3 c6 8.
Qd3 e6 9. g3 Nbd7 10. Bg2 g6 11. O-O Bg7 12. b4 O-O 13. Rb1 Rc8 14. a4 Nd5 15.
Ne4 N7f6 16. c4 Nxe4 17. Bxe4 Ne7 18. Rd1 Qd7 19. b5 Rfd8 20. Be3 f5 21. Bg2 b6
22. Qe2 h6 23. bxc6 Nxc6 24. d5 exd5 25. Rxd5 Qe7 26. Rbd1 Nb4 27. Rxd8+ Rxd8
28. Rxd8+ Qxd8 29. c5 bxc5 30. Bxc5 a5 31. Qb5 Kh7 32. Bb6 Qd1+ 33. Kh2 Na2 34.
Bxa5 h5 35. Qd5 Qxa4 36. Bd2 Nc3 37. Bxc3 1/2-1/2

[Event "TCh-FRA Top 12 2019"]
[Site "Brest FRA"]
[Date "2019.05.21"]
[Round "4.5"]
[Board "5"]
[White "Gurevich, Mikhail"]
[Black "Tregubov, Pavel V."]
[Result "1-0"]
[WhiteTitle "GM"]
[BlackTitle "GM"]
[WhiteElo "2566"]
[BlackElo "2586"]
[WhiteTeam "Asnieres - Le Grand Echiquier"]
[BlackTeam "Clichy-Echecs-92"]
[WhiteFideId "200930"]
[BlackFideId "4115341"]
[EventDate "2019.05.18"]

1. c4 e5 2. Nc3 Nf6 3. Nf3 Nc6 4. a3 d5 5. cxd5 Nxd5 6. Qc2 Be7 7. e3 O-O 8. b4
Nxc3 9. dxc3 Qd6 10. Bd3 f5 11. e4 Qg6 12. Rg1 fxe4 13. Bxe4 Bf5 14. Bxf5 Rxf5
15. Qe4 Raf8 16. Ra2 Qe6 17. Rb2 Nd8 18. Re2 Qb3 19. Qc2 Qxc2 20. Rxc2 e4 21.
Nd4 Rh5 22. Re2 c5 23. Rxe4 cxd4 24. Rxe7 dxc3 25. Be3 Nc6 26. Re4 a5 27. Ke2
axb4 28. axb4 Rb5 29. Rb1 c2 30. Rb2 Rd8 31. Rc4 Rd7 32. Bc5 Nd4+ 33. Kd2 Nf3+
34. Kxc2 Ne1+ 35. Kb3 Nd3 36. Rbc2 Nxc5+ 37. Rxc5 Rb6 38. Rc7 Rd3+ 39. R2c3 Rd4
40. R3c4 Rd3+ 41. Ka4 h5 42. R4c5 Rd4 43. Rb5 Rxb5 44. Kxb5 Rd2 45. Kb6 Rxf2 46.
Rc5 Rxg2 47. Rxh5 g6 48. Rc5 Kg7 49. Kxb7 Rxh2 50. b5 Kh6 51. b6 g5 52. Kc6 Rf2
53. b7 Rf8 54. Rb5 1-0

[Event "TCh-FRA Top 12 2019"]
[Site "Brest FRA"]
[Date "2019.05.21"]
[Round "4.5"]
[Board "6"]
[White "Van Foreest, Jorden"]
[Black "Gozzoli, Yannick"]
[Result "1/2-1/2"]
[WhiteTitle "GM"]
[BlackTitle "GM"]
[WhiteElo "2601"]
[BlackElo "2622"]
[WhiteTeam "Clichy-Echecs-92"]
[BlackTeam "Asnieres - Le Grand Echiquier"]
[WhiteFideId "1039784"]
[BlackFideId "616915"]
[EventDate "2019.05.18"]

1. e4 e5 2. Nf3 Nc6 3. Bc4 Nf6 4. d3 Bc5 5. c3 d6 6. O-O a5 7. Re1 O-O 8. h3 h6
9. Nbd2 Be6 10. Bb5 Qb8 11. Nf1 Qa7 12. d4 exd4 13. Bxc6 bxc6 14. cxd4 Bb4 15.
Re3 d5 16. a3 Be7 17. Ne5 Qa6 18. exd5 cxd5 19. Ng3 c5 20. Re1 Rab8 21. dxc5
Bxc5 22. Bf4 Ba7 23. b4 Ne4 24. Nxe4 dxe4 25. Rxe4 Qb7 26. Re1 axb4 27. axb4
Rfd8 28. Qf3 Qxf3 29. gxf3 Rb7 30. Nc6 Rdd7 31. Rxa7 Rxa7 32. Nxa7 Rxa7 33. b5
Ra4 34. Bd6 Rd4 35. Bc5 Rc4 36. Re5 Rc1+ 37. Kg2 Rb1 38. b6 g5 39. Be3 Rb4 40.
Kg3 Kg7 41. Re4 Rb1 42. h4 gxh4+ 43. Rxh4 Kf6 44. Rxh6+ Ke7 45. Rh8 Kd7 46. Rh5
Kd6 47. Rh6 Kc6 48. f4 Rb5 49. Rh1 Bd5 50. Rh5 Rb1 51. f5 Rh1 52. Rxh1 Bxh1 53.
f3 Kb7 54. Kg4 Kc6 55. Kf4 Kb7 1/2-1/2